| 000 | 00713cab a2200217 4500 | ||
|---|---|---|---|
| 001 | WB3412-09 | ||
| 008 | 090401t1998 xxu||||| |||| 00| 0 eng d | ||
| 035 | _a(Sirsi) u85265 | ||
| 041 | _aeng | ||
| 245 | _aHabitats directive | ||
| 260 | _c1998 | ||
| 350 | _a0 | ||
| 490 |
_aDETR News Release _v(219/Env) 20 March 1998 (3) |
||
| 520 | _aThe Environment Minister Michael Meacger has announced that over twenty UK habitats and species of European nature conservation importance are being proposed under the Habitats Directive. | ||
| 650 | _aHABITATS DIRECTIVE | ||
| 650 | _aNATURE CONSERVATION | ||
| 650 | _aSPECIAL AREAS OF CONSERVATION | ||
| 690 | _aCONSERVATION | ||
| 942 | _n0 | ||
| 948 | _c27/03/1998 | ||
| 999 |
_c53604 _d53604 |
||